Statistics for FC Barcelona Legends

Click here to take the quiz!

General Stats

  • This quiz has been taken 260 times
  • The average score is 20 of 24

Answer Stats

Answer% Correct
Lionel Messi
100%
Andrés Iniesta
98%
Gerard Piqué
98%
Luis Suárez
98%
Xavi
98%
Carles Puyol
97%
Neymar
97%
Ronaldinho Gaúcho
97%
Sergio Busquets
96%
Ronaldo
95%
Pep Guardiola
91%
Ronald Koeman
90%
Ivan Rakitić
89%
Jordi Alba
89%
Rivaldo
89%
David Villa
88%
Víctor Valdés
86%
Patrick Kluivert
77%
Luis Enrique
74%
Hristo Stoichkov
62%
Romário
61%
Michael Laudrup
58%
Andoni Zubizarreta
22%
Carles Rexach
7%

Score Distribution

Percentile by Number Answered

Percent of People with Each Score

Your Score History

You have not taken this quiz